| 000 | 00693cam a22002411 4500 | ||
|---|---|---|---|
| 005 | 20260322212100.0 | ||
| 008 | data | ||
| 010 | _a 64021316 | ||
| 040 |
_aDLC _cFM _dDLC _dDLC |
||
| 042 | _apremarc | ||
| 050 | 0 | 0 |
_aUA26.S6 _bH3 |
| 082 | _a355.70976 | ||
| 092 | _a355.709 H3 1964 | ||
| 100 | 1 | _aHart, Herbert M. | |
| 245 | 1 | 0 |
_aOld forts of the Southwest, _cHerbert M. Hart. |
| 250 | _a[1st ed.] | ||
| 260 |
_aSeattle, _bSuperior Pub. Co. _c[1964] |
||
| 300 |
_a192 p. _billus., map (on lining papers) ports. _c28 cm. |
||
| 490 | 1 |
_aHis Forts of the old West, _vv. 2 |
|
| 650 | 0 |
_aMilitary bases _zSouthwest, New. |
|
| 800 | 1 |
_aHart, Herbert M. _tForts of the old West, _vv. 2. |
|
| 001 | data | ||
| 999 |
_c1444 _d1444 |
||